[Event "GER-ch U12"]
[Site "Willingen"]
[Date "2021.08.23"]
[Round "2"]
[White "Wieser, Rouven"]
[Black "Middendorf, Sven Jonas"]
[Result "0-1"]
[WhiteElo "1295"]
[BlackElo "1407"]
[PlyCount "72"]
[EventDate "2021.08.22"]
[EventType "swiss"]
[EventRounds "9"]
[EventCountry "GER"]
[SourceTitle "EXT 2022"]
[Source "ChessBase"]
[SourceDate "2021.10.06"]
[SourceVersion "1"]
[SourceVersionDate "2021.10.06"]
[SourceQuality "1"]

1. e4 e5 2. Nf3 Nc6 3. Bc4 Bc5 4. b4 Bxb4 5. c3 Ba5 6. d4 d6 7. Qb3 Qd7 8. 0-0 Bb6 9. Bb5 a6 10. Ba4 Ba7 11. d5 b5 12. dxc6 Qxc6 13. Bxb5 Qxb5 14. Nbd2 Be6 15. c4 Qxb3 16. axb3 Bc5 17. Ng5 Nf6 18. Rb1 Bb4 19. Ndf3 h6 20. Nxe6 fxe6 21. Bd2 a5 22. Bxb4 axb4 23. Nd2 0-0 24. g3 Ra2 25. Nf3 Nxe4 26. Rbe1 Rxf3 27. Rxe4 Rxb3 28. c5 Rab2 29. cxd6 cxd6 30. Kg2 Rb1 31. Rxb1 Rxb1 32. Kf3 b3 33. Ke2 d5 34. Rb4 b2 35. Kd2 Rf1 36. Rxb2 Rxf2+ 0-1